| 000 | 00478nam a2200169Ia 4500 | ||
|---|---|---|---|
| 008 | 220204s9999 xx 000 0 und d | ||
| 082 |
_a632.51:631.348.4 _bCRA;2 |
||
| 100 | _aCraftsm, Alden S | ||
| 245 | 0 | _aWeed control: A textbook and manual | |
| 250 | _aEd.3 | ||
| 260 |
_aNew York _bMcGraw Hill _c1962 |
||
| 490 | _aMcGraw Hill publcations in the agricultural sciences | ||
| 650 | _aHerbicides | ||
| 650 | _aWeed control | ||
| 700 | _aRobbins, Wilfred W | ||
| 942 | _cBK | ||
| 999 |
_c21182 _d21182 |
||